00687cam a22002171 4500001001300000003000400013005001700017008004100034010001700075025001900092035002000111040003600131042001200167050002000179100002800199245006900227260008100296300002700377490004800404999001700452ne 63000949 DLC20260227111745.0900503s1962 ua a 000 1 ararc ane 63000949  aPL480:UAR-2310 a(OCoLC)21476836 aPrinceton Univ. Libr.cWaUdDLC apremarc00aPJ7862.H273bU81 aShārūnī, Yūsuf.13aal-ʻUshshāq al-khamsahc[taʼlīf] Yūsuf al-Shārūnī. a[al-Qāhirah,bal-Dār al-Qawmīyah lil-Ṭibāʻah wa-al-Nashr,c1962?] a182 p.billus.c24 cm.0 aKitāb al-Māsī, qiṣaṣ ʻArabïyah c45867d45867